Jaki to film? - Statystyki

Ogólne statystyki
  • Ten quiz został rozwiązany 76 razy
  • Średni wynik to 10 z 14
Statystyki odpowiedzi
Opis Nazwa Filmu % Poprawnych
Rodzice zapominają o dziecku i zostawiają go w domu Kevin Sam W Domu
94%
Zielony oger i szare zwierze Shrek
94%
Auta które gadają Auta
91%
Szczur gotuje Ratatuj
84%
Podczas gdy nikt nie patrzy, zabawki ożywają Toy Story
82%
Grupa superbohaterów jednoczy się by pokonać złoczyńce. Avengers
69%
Chłopak poznaje naukowca i cofają się do przeszłości. Powrót do przeszłości
68%
Naukowiec konstruktuje bombę atomową Oppenheimer
66%
XXX Odkrywa że świat to symulacja. Matrix
65%
Mężczyzna z zaburzeniem, które sprawia, że się często śmieje, ma chorobe psychiczną, i popełnia kilka morderstw. Joker
63%
Socjopata otwiera fabryke czekolady (wersja z 2023) Wonka
56%
Pierwszy Film Marvel Cinematic Universe Iron Man
53%
Gadające Drzewo, Gadająca Wiewiórka, Zielona Kosmitka,Ziemianin, Którego ojciec to planeta i Gruby Kosmita Strażnicy Galaktyki
51%
Reklama Matel z 2023 roku Barbie
38%
Nie znaleziono quizów pasujących do podanych kryteriów
Rozkład punktacji
Procent ludzi z każdym wynikiem
Percentyl według liczby udzielonych odpowiedzi
Twoja historia wyników
Nie rozwiązałeś tego quizu